000
00215 a2200097 4500
001
14813
100
_a
Saiyidan
245
_a
Iqbal's education philosophy
260
_a
Lahore
_b
Sh M Ashraf
_c
090
_c
11591
_d
11591
942
_a
NUST-CAE
_c
M
_c
1771
999
_c
249886
_d
249886